Keramické a sklářské suroviny

Salvato in:
Dettagli Bibliografici
Autore principale: Konta, Jiří
Natura: Libro
Lingua:ceco
Pubblicazione: Praha Univerzita Karlova 1982
Edizione:Vyd. 1.
Accesso online:Visualizza in OPAC
Tags: Aggiungi Tag
Nessun Tag, puoi essere il primo ad aggiungerne!!

MARC

LEADER 00000nam a2200000 a 4500
005 20260127134021.0
008 000507s1982 xr a g 011 0 cze c
035 |a vtls008458143 
035 |a SAVUKc032253 
039 9 |a 201201121336  |b mschk03  |y 200602022358  |z VLOAD 
040 |a SAVUK  |b slo  |c SNK  |d STUSCHK1  |e AACR2 
041 1 |a cze 
044 |a xr  |c CZ 
080 |a 553.61/.62 
100 1 |a Konta, Jiří 
245 1 0 |a Keramické a sklářské suroviny  |c Jiří Konta 
250 |a Vyd. 1. 
260 |a Praha  |b Univerzita Karlova  |c 1982 
300 |a 364 s.  |b fotogr., obr 
504 |a Lit., reg. 
910 |a savuk 
910 |a SCHK95 
999 |c 2176  |d 2176